000 00365nam a2200133Ia 4500
008 240109s9999 xx 000 0 und d
041 _aeng
082 _a658.562
100 _aJuran Joseph M/ A Blanton Fodfrey
245 _aJurans Quality Handbook
260 _bMcGrawhill International Publication Company NewYork
300 _aI-60
650 _aManagement
999 _c1026629
_d1026629